Выявление нефтеперспективных зон меловых отложений Нюрольской мегавпадины по геотемпературному критерию; Вопросы теории и практики геологической интерпретации гравитационных, магнитных и электрических полей

Xehetasun bibliografikoak
Parent link:Вопросы теории и практики геологической интерпретации гравитационных, магнитных и электрических полей.— 2013.— С. 201-205
Egile nagusia: Лобова Г. А. Галина Анатольевна
Erakunde egilea: Национальный исследовательский Томский политехнический университет (ТПУ) Институт природных ресурсов (ИПР) Кафедра геологии и разведки полезных ископаемых (ГРПИ)
Beste egile batzuk: Осипова Е. Н. Елизавета Николаевна, Исаев В. И. Валерий Иванович
Gaia:В фонде НТБ ТПУ отсутствует
Hizkuntza:errusiera
Argitaratua: 2013
Gaiak:
Formatua: Liburu kapitulua
KOHA link:https://koha.lib.tpu.ru/cgi-bin/koha/opac-detail.pl?biblionumber=601780

MARC

LEADER 00000naa0a2200000 4500
001 601780
005 20250902134227.0
035 |a (RuTPU)RU\TPU\tpu\26834 
035 |a RU\TPU\tpu\25321 
090 |a 601780 
100 |a 20150224d2013 k y0rusy50 ca 
101 0 |a rus 
102 |a RU 
200 1 |a Выявление нефтеперспективных зон меловых отложений Нюрольской мегавпадины по геотемпературному критерию  |f Г. А. Лобова, Е. Н. Осипова, В. И. Исаев 
333 |a В фонде НТБ ТПУ отсутствует 
463 1 |t Вопросы теории и практики геологической интерпретации гравитационных, магнитных и электрических полей  |o материалы 40-й сессии Международного семинара им. Д. Г. Успенского, Москва, 28 янв. - 1 февр. 2013 г.  |v С. 201-205  |d 2013 
610 1 |a труды учёных ТПУ 
610 1 |a Нюрольская мегавпадина 
610 1 |a мегавпадины 
610 1 |a нефтегазоносность 
610 1 |a Западная Сибирь 
610 1 |a Томская область 
610 1 |a меловые отложения 
700 1 |a Лобова  |b Г. А.  |c геофизик  |c доцент Томского политехнического университета, кандидат геолого-минералогических наук  |f 1952-  |g Галина Анатольевна  |3 (RuTPU)RU\TPU\pers\28751  |9 13541 
701 1 |a Осипова  |b Е. Н.  |c геолог  |c старший преподаватель Томского политехнического университета, кандидат геолого-минералогических наук  |f 1960-  |g Елизавета Николаевна  |3 (RuTPU)RU\TPU\pers\27293  |9 12711 
701 1 |a Исаев  |b В. И.  |c геолог  |c профессор Томского политехнического университета, доктор геолого-минералогических наук  |f 1952-  |g Валерий Иванович  |3 (RuTPU)RU\TPU\pers\24786 
712 0 2 |a Национальный исследовательский Томский политехнический университет (ТПУ)  |b Институт природных ресурсов (ИПР)  |b Кафедра геологии и разведки полезных ископаемых (ГРПИ)  |3 (RuTPU)RU\TPU\col\18660 
801 1 |a RU  |b 63413507  |c 20140622 
801 2 |a RU  |b 63413507  |c 20150317  |g RCR 
942 |c BK